A study of Climate change and Agriculture in the catchment area of Chambal river / (Record no. 38482)

MARC details
000 -LEADER
fixed length control field 00694nam a22001577a 4500
082 ## - DEWEY DECIMAL CLASSIFICATION NUMBER
Classification number RK.0342
100 ## - MAIN ENTRY--AUTHOR NAME
Personal name Kawadia, Ganesh
Affiliation School of Economics, DAVV University.
Place Indore, Madhya Pradesh
245 ## - TITLE STATEMENT
Title A study of Climate change and Agriculture in the catchment area of Chambal river /
Statement of responsibility, etc Ganesh, Kawadia
260 ## - PUBLICATION, DISTRIBUTION, ETC. (IMPRINT)
Place of publication Indore, Madhya Pradesh:
Name of publisher/Sponsor Indian council of social science research,
Year of publication 2015.
300 ## - PHYSICAL DESCRIPTION
Number of Pages xii, 262p.
Accompanying material Contains DVD.
500 ## - GENERAL NOTE
General note Includes bibliography and appendices.
536 ## - FUNDING INFORMATION NOTE
Funding Agency Indian council of social science research
650 ## - SUBJECT ADDED ENTRY--TOPICAL TERM
Topical Term Agriculture
General subdivision Environmental impact
Geographic subdivision Madhya Pradesh
650 ## - SUBJECT ADDED ENTRY--TOPICAL TERM
Topical Term Climate change
General subdivision Environmental impact
Geographic subdivision Madhya Pradesh
942 ## - ADDED ENTRY ELEMENTS (KOHA)
Source of classification or shelving scheme Dewey Decimal Classification
Koha item type Research Reports
Holdings
Withdrawn status Lost status Damaged status Not for loan Collection code Home library Current library Date acquired Source of acquisition Full call number Accession Number Price effective from Koha item type
      Not For Loan Major Research Project Reports NASSDOC Library NASSDOC Library 19/06/2023 Research Report Division RK.0342 53758 19/06/2023 Research Reports